Miasta i wsie w powiecie nowosądeckim - Statystyki

Ogólne statystyki
  • Ten quiz został rozwiązany 108 razy
  • Średni wynik to 56 z 195
Statystyki odpowiedzi
Gmina Odpowiedź % Poprawnych
Chełmiec Chełmiec
81%
Stary Sącz Stary Sącz
78%
Podegrodzie Podegrodzie
76%
Łącko Łącko
75%
ŁososinaDolna Łososina Dolna
74%
Piwniczna-Zdrój Piwniczna-Zdrój
74%
Krynica-Zdrój Krynica-Zdrój
72%
Grybów(miejska) Grybów
71%
Łabowa Łabowa
71%
Grybów(wiejska) Gródek
69%
Korzenna Korzenna
69%
Muszyna Muszyna
69%
Rytro Rytro
69%
KamionkaWielka Kamionka Wielka
68%
Nawojowa Nawojowa
64%
Gródek nad Dunajcem Gródek nad Dunajcem
58%
KamionkaWielka Kamionka Mała
54%
Chełmiec Świniarsko
53%
Grybów(wiejska) Ptaszkowa
51%
ŁososinaDolna Tęgoborze
50%
Chełmiec Wielogłowy
50%
Łącko Maszkowice
49%
Krynica-Zdrój Tylicz
49%
Chełmiec Marcinkowice
47%
Podegrodzie Brzezna
46%
Łącko Jazowsko
46%
Stary Sącz Gołkowice Górne
43%
Chełmiec Paszyn
43%
Stary Sącz Gołkowice Dolne
42%
Chełmiec Librantowa
42%
Chełmiec Mała Wieś
42%
Chełmiec Piątkowa
42%
Grybów(wiejska) Stróże
42%
Grybów(wiejska) Cieniawa
39%
Łącko Kadcza
39%
Muszyna Milik
39%
Łącko Zabrzeż
39%
Chełmiec Biczyce Dolne
38%
Chełmiec Biczyce Górne
38%
Chełmiec Trzetrzewina
38%
Grybów(wiejska) Florynka
36%
KamionkaWielka Królowa Polska
36%
Chełmiec Wielopole
36%
Stary Sącz Barcice Dolne
35%
Grybów(wiejska) Binczarowa
35%
Nawojowa Frycowa
35%
Grybów(wiejska) Stara Wieś
35%
Piwniczna-Zdrój Wierchomla Mała
35%
Muszyna Żegiestów
35%
KamionkaWielka Bogusza
33%
Chełmiec Chomranice
33%
KamionkaWielka Mystków
33%
Gródek nad Dunajcem Rożnów
33%
Stary Sącz Barcice Górne
32%
Grybów(wiejska) Biała Niżna
32%
Grybów(wiejska) Kąclowa
32%
Łabowa Maciejowa
32%
Stary Sącz Moszczenica Wyżna
32%
Krynica-Zdrój Muszynka
32%
Łącko Obidza
32%
Piwniczna-Zdrój Wierchomla Wielka
32%
Grybów(wiejska) Krużlowa Niżna
31%
Grybów(wiejska) Krużlowa Wyżna
31%
Chełmiec Kurów
31%
Łącko Łazy Brzyńskie
31%
Stary Sącz Moszczenica Niżna
31%
Chełmiec Niskowa
31%
Muszyna Powroźnik
31%
Chełmiec Dąbrowa
29%
KamionkaWielka Jamnica
29%
Chełmiec Klęczany
29%
KamionkaWielka Królowa Górna
29%
Korzenna Mogilno
29%
Stary Sącz Mostki
29%
Krynica-Zdrój Berest
28%
Łącko Czarny Potok
28%
Łącko Czerniec
28%
Stary Sącz Gaboń
28%
Krynica-Zdrój Mochnaczka Wyżna
28%
Podegrodzie Naszacowice
28%
Łabowa Nowa Wieś
28%
Podegrodzie Podrzecze
28%
Gródek nad Dunajcem Bartkowa-Posadowa
26%
Chełmiec Kunów
26%
Korzenna Lipnica Wielka
26%
Podegrodzie Olszana
26%
Grybów(wiejska) Siołkowa
26%
Podegrodzie Stadła
26%
Korzenna Wojnarowa
26%
Łącko Zagorzyn
26%
Muszyna Andrzejówka
25%
ŁososinaDolna Bilsko
25%
Łącko Brzyna
25%
Krynica-Zdrój Mochnaczka Niżna
25%
KamionkaWielka Mszalnica
25%
Stary Sącz Przysietnica
25%
Chełmiec Rdziostów
25%
Chełmiec Ubiad
25%
Łącko Wola Kosnowa
25%
Łącko Wola Piskulina
25%
Łącko Zarzecze
25%
Gródek nad Dunajcem Jelna
24%
Łącko Kicznia
24%
Stary Sącz Łazy Biegonickie
24%
Gródek nad Dunajcem Przydonica
24%
ŁososinaDolna Świdnik
24%
Łącko Szczereż
24%
Łabowa Łabowiec
22%
Piwniczna-Zdrój Łomnica-Zdrój
22%
Gródek nad Dunajcem Sienna
22%
Nawojowa Żeleźnikowa Mała
22%
Nawojowa Żeleźnikowa Wielka
22%
Nawojowa Bącza-Kunina
21%
Chełmiec Boguszowa
21%
Podegrodzie Chochorowice
21%
Korzenna Janczowa
21%
Chełmiec Januszowa
21%
Korzenna Jasienna
21%
Łabowa Kamianna
21%
Chełmiec Klimkówka
21%
Łabowa Krzyżówka
21%
Korzenna Łęka
21%
ŁososinaDolna Łęki
21%
Chełmiec Naściszowa
21%
Podegrodzie Olszanka
21%
Korzenna Posadowa Mogilska
21%
ŁososinaDolna Tabaszowa
21%
Gródek nad Dunajcem Tropie
21%
Grybów(wiejska) Wawrzka
21%
Chełmiec Wola Kurowska
21%
ŁososinaDolna Zawadka
21%
Korzenna Miłkowa
19%
Podegrodzie Mokra Wieś
19%
Stary Sącz Myślec
19%
Grybów(wiejska) Polna
19%
Korzenna Siedlce
19%
Stary Sącz Wola Krogulecka
19%
Piwniczna-Zdrój Zubrzyk
19%
Korzenna Bukowiec
18%
Podegrodzie Długołęka-Świerkla
18%
Chełmiec Krasne Potockie
18%
Krynica-Zdrój Polany
18%
Stary Sącz Popowice
18%
Stary Sącz Skrudzina
18%
Muszyna Szczawnik
18%
ŁososinaDolna Witowice Dolne
18%
ŁososinaDolna Witowice Górne
18%
ŁososinaDolna Białawoda
17%
Łabowa Czaczów
17%
Podegrodzie Gostwica
17%
Nawojowa Popardowa
17%
Podegrodzie Rogi
17%
Korzenna Trzycierz
17%
Grybów(wiejska) Wyskitna
17%
ŁososinaDolna Żbikowice
17%
ŁososinaDolna Znamirowice
17%
Łabowa Barnowiec
15%
Gródek nad Dunajcem Bujne
15%
Podegrodzie Juraszowa
15%
Korzenna Koniuszowa
15%
Łabowa Kotów
15%
Gródek nad Dunajcem Lipie
15%
ŁososinaDolna Łyczanka
15%
Piwniczna-Zdrój Młodów
15%
Korzenna Niecew
15%
Krynica-Zdrój Piorunka
15%
ŁososinaDolna Rąbkowa
15%
Korzenna Słowikowa
15%
Chełmiec Wola Marcinkowska
15%
ŁososinaDolna Wronowice
15%
Gródek nad Dunajcem Zbyszyce
15%
Muszyna Złockie
15%
Nawojowa Złotne
15%
Grybów(wiejska) Chodorowa
14%
Krynica-Zdrój Czyrna
14%
Piwniczna-Zdrój Głębokie
14%
Nawojowa Homrzyska
14%
Muszyna Leluchów
14%
Łabowa Łosie
14%
Korzenna Łyczana
14%
ŁososinaDolna Michalczowa
14%
Gródek nad Dunajcem Podole-Górowa
14%
Gródek nad Dunajcem Roztoka-Brzeziny
14%
Rytro Roztoka Ryterska
14%
Łabowa Roztoka Wielka
14%
Łabowa Składziste
14%
Muszyna Dubne
13%
ŁososinaDolna Skrzętla-Rojówka
13%
ŁososinaDolna Stańkowa
13%
Muszyna Jastrzębik
11%
Rytro Obłazy Ryterskie
11%
Łabowa Uhryń
11%
Piwniczna-Zdrój Kokuszka
10%
Muszyna Wojkowa
10%
Rytro Sucha Struga
8%
Nie znaleziono quizów pasujących do podanych kryteriów
Rozkład punktacji
Procent ludzi z każdym wynikiem
Percentyl według liczby udzielonych odpowiedzi
Twoja historia wyników
Nie rozwiązałeś tego quizu